[Event "SVK-chT4 A22 1718"]
[Site "Slovakia"]
[Date "2018.01.14"]
[Round "7.1"]
[White "Gyurkovics, Gergely"]
[Black "Holicky, Miroslav"]
[Result "0-1"]
[WhiteElo "1585"]
[BlackElo "1736"]
[PlyCount "78"]
[EventDate "2017.10.01"]
[EventType "team-tourn"]
[EventRounds "11"]
[EventCountry "SVK"]
[SourceTitle "EXT 2020"]
[Source "ChessBase"]
[SourceDate "2019.10.17"]
[SourceVersion "1"]
[SourceVersionDate "2019.10.17"]
[SourceQuality "1"]

1. e4 d5 2. e5 Bf5 3. d4 e6 4. Nf3 h6 5. a3 c5 6. Bb5+ Nc6 7. c3 Qb6 8. Qa4 a6 9. Bxc6+ Qxc6 10. Qxc6+ bxc6 11. b3 g5 12. Be3 Bc2 13. Nbd2 g4 14. Ng1 Rb8 15. dxc5 Bg7 16. Bd4 Ne7 17. Ra2 Bd3 18. Ne2 Ng6 19. Nc1 Bf5 20. 0-0 Nxe5 21. f4 gxf3 22. Nxf3 Nxf3+ 23. Rxf3 f6 24. b4 0-0 25. Raf2 Be4 26. Rh3 e5 27. Be3 Kh7 28. Ne2 f5 29. Bg5 f4 30. Be7 Rg8 31. Nc1 Rb7 32. Bd6 Bf5 33. Rh5 Kg6 34. g4 Bxg4 35. Rxe5 Bxe5 36. Bxe5 f3 37. Nd3 Kf5 38. Bg3 Re7 39. Rd2 Rge8 0-1

[Event "SVK-chT4 A22 1718"]
[Site "Slovakia"]
[Date "2017.10.29"]
[Round "3.1"]
[White "Gyurkovics, Gergely"]
[Black "Polak, Peter"]
[Result "0-1"]
[WhiteElo "1596"]
[BlackElo "1787"]
[PlyCount "84"]
[EventDate "2017.10.01"]
[EventType "team-tourn"]
[EventRounds "11"]
[EventCountry "SVK"]
[SourceTitle "EXT 2020"]
[Source "ChessBase"]
[SourceDate "2019.10.17"]
[SourceVersion "1"]
[SourceVersionDate "2019.10.17"]
[SourceQuality "1"]

1. e4 c5 2. Nf3 d6 3. c4 Nc6 4. Nc3 Nf6 5. d4 cxd4 6. Nxd4 e6 7. Be3 a6 8. Be2 Be7 9. 0-0 0-0 10. Rb1 Bd7 11. b4 Qc7 12. b5 Ne5 13. Qb3 Neg4 14. Bxg4 Nxg4 15. bxa6 d5 16. g3 bxa6 17. cxd5 Rab8 18. Qc2 Rbc8 19. Bd2 Bf6 20. Nde2 Bb5 21. Qb3 Bc4 22. Qa4 Bxc3 23. Nxc3 Bxf1 24. Rxf1 Qd6 25. h3 Nf6 26. f4 exd5 27. e5 Qc5+ 28. Kg2 Nd7 29. Qxd7 Rfd8 30. Qa4 d4 31. Nb1 Qd5+ 32. Kf2 Rc4 33. Qb3 Qc5 34. Na3 d3+ 35. Kf3 Qc6+ 36. Kf2 Re4 37. Re1 Rxe1 38. Bxe1 d2 39. Bxd2 Rxd2+ 40. Ke3 Rd8 41. Nc4 Qg2 42. Qa4 Qxg3+ 0-1

[Event "SVK-chT4 A22 1415"]
[Site "Slovakia"]
[Date "2014.12.07"]
[Round "5.4"]
[White "Puskar, David"]
[Black "Gyurkovics, Gergely"]
[Result "0-1"]
[WhiteElo "1647"]
[BlackElo "1599"]
[PlyCount "109"]
[EventDate "2014.10.12"]
[EventType "team-tourn"]
[EventRounds "11"]
[EventCountry "SVK"]
[SourceTitle "EXT 2019"]
[Source "ChessBase"]
[SourceDate "2018.10.10"]
[SourceVersion "1"]
[SourceVersionDate "2018.10.10"]
[SourceQuality "1"]

1. c4 g6 2. Nc3 Bg7 3. g3 e5 4. Bg2 Nf6 5. Nf3 d6 6. 0-0 0-0 7. Qc2 Nc6 8. a3 a6 9. b4 Bg4 10. Bb2 Bxf3 11. Bxf3 Nd4 12. Qc1 Nb3 13. Qd1 Nxa1 14. Qxa1 c6 15. Rd1 Qd7 16. d4 exd4 17. Na4 Qc7 18. c5 d5 19. Bc1 Nd7 20. Bf4 Qd8 21. Bg4 f5 22. Bh3 d3 23. Qa2 dxe2 24. Qxe2 Re8 25. Qa2 Qe7 26. Bf1 Qf6 27. Kg2 Re6 28. h3 Rae8 29. Bd2 Qd4 30. Nc3 Nf6 31. Be1 Qe5 32. Ne2 Ne4 33. f3 Ng5 34. Bd2 Qf6 35. Bf4 Nf7 36. Bc1 Qe7 37. Qc2 Rxe2+ 38. Bxe2 Qxe2+ 39. Qxe2 Rxe2+ 40. Kf1 Re6 41. f4 Bf6 42. Kf2 g5 43. Kf3 Kg7 44. Be3 h6 45. Rd3 Nh8 46. Rd1 Ng6 47. Rg1 gxf4 48. gxf4 Bd8 49. h4 Kf7 50. h5 Ne7 51. Bd2 Ng8 52. Rb1 Nf6 53. Rh1 Ne4 54. Be3 Bf6 55. Rh2 0-1

[Event "SVK-chT4 A22 1415"]
[Site "Slovakia"]
[Date "2014.11.09"]
[Round "3.5"]
[White "Stefik, Miroslav"]
[Black "Gyurkovics, Gergely"]
[Result "1/2-1/2"]
[WhiteElo "1674"]
[BlackElo "1599"]
[PlyCount "67"]
[EventDate "2014.10.12"]
[EventType "team-tourn"]
[EventRounds "11"]
[EventCountry "SVK"]
[SourceTitle "EXT 2019"]
[Source "ChessBase"]
[SourceDate "2018.10.10"]
[SourceVersion "1"]
[SourceVersionDate "2018.10.10"]
[SourceQuality "1"]

1. e4 e5 2. Nf3 d6 3. Nc3 Nf6 4. Bc4 Bg4 5. h3 Bh5 6. Be2 Be7 7. d3 Nc6 8. Bd2 0-0 9. a3 a6 10. 0-0 Qd7 11. Nh2 Bxe2 12. Nxe2 h6 13. c3 Rfd8 14. Ng3 d5 15. Nf3 dxe4 16. dxe4 Bc5 17. Qe1 Qe7 18. Be3 Bxe3 19. Qxe3 Qe6 20. Nf5 Nh7 21. Rad1 b6 22. Rd2 Rxd2 23. Qxd2 Rd8 24. Qe2 a5 25. Rd1 Rxd1+ 26. Qxd1 Nf6 27. Qd3 Kf8 28. Ne3 Qd7 29. Qc4 Qd6 30. Nd5 Nxd5 31. Qxd5 Ke7 32. Qc4 Qe6 33. Qd5 Qd6 34. Qc4 1/2-1/2

[Event "SVK-chT4 A22 1314"]
[Site "Slovakia"]
[Date "2014.02.09"]
[Round "8.1"]
[White "Gyurkovics, Gergely"]
[Black "Rendek, Jozef"]
[Result "1/2-1/2"]
[WhiteElo "1676"]
[BlackElo "1374"]
[PlyCount "119"]
[EventDate "2013.10.06"]
[EventType "team-tourn"]
[EventRounds "11"]
[EventCountry "SVK"]
[SourceTitle "EXT 2015"]
[Source "ChessBase"]
[SourceDate "2014.11.20"]
[SourceVersion "1"]
[SourceVersionDate "2014.11.20"]
[SourceQuality "1"]
[WhiteTeam "Potonska Veza II"]
[BlackTeam "Dolna Krupa SK"]
[WhiteTeamCountry "SVK"]
[BlackTeamCountry "SVK"]

1. e4 e5 2. Nf3 Nc6 3. Bc4 d6 4. Nc3 Bg4 5. h3 Bh5 6. d3 Nf6 7. Bg5 Be7 8. 0-0 Nd4 9. g4 Nxf3+ 10. Qxf3 Bg6 11. h4 h6 12. Be3 Qd7 13. Nd5 Nxd5 14. Bxd5 c6 15. h5 Bxh5 16. Bxc6 bxc6 17. gxh5 Bg5 18. Qg3 Qe7 19. f4 exf4 20. Bxf4 Bxf4 21. Rxf4 Qg5 22. Rg4 Qxh5 23. Rxg7 0-0-0 24. Rf1 Rhf8 25. Qg4+ Qxg4+ 26. Rxg4 Rg8 27. Rxg8 Rxg8+ 28. Kh2 Rg7 29. Rf6 Kd7 30. Rxh6 Rg5 31. Rf6 Ke7 32. Rf2 Ke6 33. Rg2 Rb5 34. b3 a5 35. a4 Rh5+ 36. Kg1 Ke5 37. Rg3 Kd4 38. Rf3 Rc5 39. c4 Rg5+ 40. Kf2 Kc3 41. Rf6 Rg6 42. Rf5 Kxd3 43. Rxa5 Kc3 44. Ra7 Rf6+ 45. Ke3 Kxb3 46. Ra6 c5 47. e5 Re6 48. Rxd6 Rxe5+ 49. Kf4 Re7 50. Rb6+ Kxa4 51. Rb5 Re1 52. Rxc5 Kb4 53. Rc7 f6 54. Rc6 Rf1+ 55. Ke3 f5 56. Rc8 f4+ 57. Ke2 Rc1 58. Rb8+ Kc5 59. Kf3 Rf1+ 60. Ke4 1/2-1/2

[Event "SVK-chT4 A22 1314"]
[Site "Slovakia"]
[Date "2014.01.26"]
[Round "7.1"]
[White "Sandor, Stefan"]
[Black "Gyurkovics, Gergely"]
[Result "1/2-1/2"]
[WhiteElo "1657"]
[BlackElo "1676"]
[PlyCount "45"]
[EventDate "2013.10.06"]
[EventType "team-tourn"]
[EventRounds "11"]
[EventCountry "SVK"]
[SourceTitle "EXT 2015"]
[Source "ChessBase"]
[SourceDate "2014.11.20"]
[SourceVersion "1"]
[SourceVersionDate "2014.11.20"]
[SourceQuality "1"]
[WhiteTeam "Gabcikovo Russel III"]
[BlackTeam "Potonska Veza II"]
[WhiteTeamCountry "SVK"]
[BlackTeamCountry "SVK"]

1. e4 e5 2. Nf3 d6 3. Nc3 Nf6 4. d3 h6 5. Be2 Nc6 6. d4 Bg4 7. dxe5 Bxf3 8. Bxf3 Nxe5 9. Be2 Qd7 10. h3 Rd8 11. 0-0 d5 12. exd5 Nxd5 13. Nxd5 Qxd5 14. Qxd5 Rxd5 15. Be3 Bc5 16. Bxc5 Rxc5 17. c3 0-0 18. Rfd1 Re8 19. Rd2 Ng6 20. Kf1 Rce5 21. Rad1 Kf8 22. Bf3 c6 23. Rd8 1/2-1/2

[Event "SVK-chT4 A22 1314"]
[Site "Slovakia"]
[Date "2013.11.17"]
[Round "4.1"]
[White "Stefik, Miroslav"]
[Black "Gyurkovics, Gergely"]
[Result "1-0"]
[WhiteElo "1754"]
[BlackElo "1676"]
[PlyCount "91"]
[EventDate "2013.10.06"]
[EventType "team-tourn"]
[EventRounds "11"]
[EventCountry "SVK"]
[SourceTitle "EXT 2015"]
[Source "ChessBase"]
[SourceDate "2014.11.20"]
[SourceVersion "1"]
[SourceVersionDate "2014.11.20"]
[SourceQuality "1"]
[WhiteTeam "Cifer II"]
[BlackTeam "Potonska Veza II"]
[WhiteTeamCountry "SVK"]
[BlackTeamCountry "SVK"]

1. e4 e5 2. Nf3 Nc6 3. Bb5 Nf6 4. Nc3 Bb4 5. d3 d6 6. Bd2 Bd7 7. a3 Bxc3 8. Bxc3 a6 9. Bc4 b5 10. Ba2 Bg4 11. h3 Bh5 12. Qe2 Ne7 13. Qe3 d5 14. Bxe5 dxe4 15. dxe4 Bxf3 16. Qxf3 Ng6 17. Bc3 Qe7 18. e5 0-0 19. 0-0 Nxe5 20. Qb7 Qc5 21. Bb4 Qc6 22. Qxc6 Nxc6 23. Bxf8 Kxf8 24. Rad1 Re8 25. Bd5 Nxd5 26. Rxd5 Na5 27. Rfd1 g6 28. Rc5 Nc4 29. b3 Nxa3 30. Ra1 b4 31. Rxc7 Re2 32. Kf1 Rxc2 33. Rxc2 Nxc2 34. Rxa6 Nd4 35. Rb6 Nxb3 36. Rxb4 Nc5 37. Ke2 Ne6 38. Kf3 Kg7 39. g3 h6 40. Kg2 g5 41. h4 Kg6 42. f3 f6 43. Rb6 Nc5 44. h5+ Kxh5 45. Rxf6 g4 46. Rf5+ 1-0

[Event "SVK-chT4 A22 1314"]
[Site "Slovakia"]
[Date "2013.10.06"]
[Round "1.1"]
[White "Gyurkovics, Gergely"]
[Black "Lelkes, Gejza"]
[Result "0-1"]
[WhiteElo "1676"]
[BlackElo "1641"]
[PlyCount "32"]
[EventDate "2013.10.06"]
[EventType "team-tourn"]
[EventRounds "11"]
[EventCountry "SVK"]
[SourceTitle "EXT 2015"]
[Source "ChessBase"]
[SourceDate "2014.11.20"]
[SourceVersion "1"]
[SourceVersionDate "2014.11.20"]
[SourceQuality "1"]
[WhiteTeam "Potonska Veza II"]
[BlackTeam "Potonska Veza III"]
[WhiteTeamCountry "SVK"]
[BlackTeamCountry "SVK"]

1. e4 e5 2. Nf3 Nc6 3. Bc4 h6 4. Nc3 Bc5 5. d3 d6 6. a3 a6 7. b4 Ba7 8. h3 Nge7 9. Nd5 0-0 10. Nxe7+ Qxe7 11. Bb2 Be6 12. Bxe6 Qxe6 13. 0-0 f5 14. d4 fxe4 15. d5 Qg6 16. Nh4 Qg3 0-1

[Event "SVK-chT4 A22 1213"]
[Site "Slovakia"]
[Date "2012.12.16"]
[Round "5.4"]
[White "Petras, Stefan"]
[Black "Gyurkovics, Gergely"]
[Result "1-0"]
[WhiteElo "1729"]
[BlackElo "1716"]
[PlyCount "69"]
[EventDate "2012.10.14"]
[EventType "team-tourn"]
[EventRounds "11"]
[EventCountry "SVK"]
[SourceTitle "EXT 2015"]
[Source "ChessBase"]
[SourceDate "2014.11.20"]
[SourceVersion "1"]
[SourceVersionDate "2014.11.20"]
[SourceQuality "1"]
[WhiteTeam "Dolna Krupa SK"]
[BlackTeam "Potonska Veza III"]
[WhiteTeamCountry "SVK"]
[BlackTeamCountry "SVK"]

1. e4 e5 2. Nf3 Nc6 3. Bc4 d6 4. d4 exd4 5. Nxd4 Nxd4 6. Qxd4 Qf6 7. Qd3 Be6 8. Nc3 Qe5 9. Bxe6 Qxe6 10. Qb5+ c6 11. Qxb7 Qc8 12. Qxc8+ Rxc8 13. Be3 Rc7 14. Rd1 Nf6 15. f3 Be7 16. 0-0 0-0 17. Rd4 Rb8 18. b3 d5 19. Ra4 Rbb7 20. Rd1 Bb4 21. Bd4 dxe4 22. Bxf6 gxf6 23. Nxe4 Kg7 24. Ng3 Bc5+ 25. Kf1 Rd7 26. Rg4+ Kf8 27. Rxd7 Rxd7 28. Ke2 Rd5 29. Rh4 Re5+ 30. Re4 Rd5 31. Rc4 Bg1 32. Nf1 Rd6 33. h3 Ke7 34. Ng3 Ke6 35. Ne4 1-0

[Event "SVK-chT4 A22 1213"]
[Site "Slovakia"]
[Date "2012.11.25"]
[Round "4.2"]
[White "Gyurkovics, Gergely"]
[Black "Lopatievov, Alexander"]
[Result "1/2-1/2"]
[WhiteElo "1716"]
[BlackElo "1937"]
[PlyCount "37"]
[EventDate "2012.10.14"]
[EventType "team-tourn"]
[EventRounds "11"]
[EventCountry "SVK"]
[SourceTitle "EXT 2015"]
[Source "ChessBase"]
[SourceDate "2014.11.20"]
[SourceVersion "1"]
[SourceVersionDate "2014.11.20"]
[SourceQuality "1"]
[WhiteTeam "Potonska Veza III"]
[BlackTeam "Trnava Modranka II"]
[WhiteTeamCountry "SVK"]
[BlackTeamCountry "SVK"]

1. e4 c6 2. d4 d5 3. exd5 cxd5 4. Nc3 Nc6 5. Nf3 Bg4 6. Be2 a6 7. h3 Bh5 8. Bf4 e6 9. 0-0 Nf6 10. Ne5 Bxe2 11. Nxe2 Rc8 12. c3 Ne4 13. Ng3 Nd6 14. Qb3 Na5 15. Qc2 Be7 16. Ne2 0-0 17. Nd3 Ne4 18. Ng3 g5 19. Be3 1/2-1/2